000 00553nam a2200229 a 4500
999 _c8029
_d8029
001 8029
003 BD-JhCC
005 20180217181032.0
008 180217s1971 r |||| || | 001 0 eng d
035 _a(BD-JhCC)8029
040 _aBD-JhCC
_dBD-JhCC
041 _aeng
082 _a308
_bLEN 1971
100 _aLenin, V. I.
245 _aSelected Works /
_cV. I. Lenin,
260 _aMoscow :
_bProgress Publishers,
_c1971.
300 _a798 p. :
_c23 cm.
504 _aIncludes Index
650 _aSocialism
942 _2ddc
_cBK